[Event "BAGDAD"]
[Site "SchemingMind.com"]
[Date "2021.09.27"]
[Round "-"]
[White "Transcendent"]
[Black "krzysztof"]
[Result "1-0"]
[WhiteCountry "ENG"]
[BlackCountry "POL"]
[WhiteElo "1871"]
[WhiteRD "82"]
[BlackElo "1482"]
[BlackRD "83"]
[GameID "715799"]

1. d4 d5 2. c4 dxc4 3. e4 e6 4. Bxc4 c6 5. Nc3 Bb4 6. Ne2 Be7 7. O-O e5 8. d5 c5 9. Be3 Bd6 10. f4 exf4
11. Nxf4 Nf6 12. Rc1 Bg4 13. Qd3 Nbd7 14. h3 Ne5 15. Bb5+ Nfd7 16. Qd2 a6 17. Bxd7+ Bxd7 18. b3 f6 19. Na4 b5 20. Nb2 Qe7
21. Nbd3 Rc8 22. Rfd1 c4 23. Nxe5 Qxe5 24. bxc4 bxc4 25. g3 h6 26. Qg2 Rg8 27. Bd4 Qg5 28. Be3 Bxf4 29. Bxf4 Qg6 30. Rd4 h5
31. Rdxc4 Ke7 32. d6+ Kf7 33. Rc7 Ke6 34. a3 h4 35. Qa2#
1-0

[Event "BAGDAD"]
[Site "SchemingMind.com"]
[Date "2021.09.28"]
[Round "-"]
[White "ray winteringham"]
[Black "Transcendent"]
[Result "0-1"]
[WhiteCountry "ENG"]
[BlackCountry "ENG"]
[WhiteElo "1450"]
[WhiteRD "49"]
[BlackElo "1985"]
[BlackRD "72"]
[GameID "715800"]

1. g3 d5 2. Bg2 e5 3. e4 d4 4. d3 Nf6 5. Ne2 c5 6. O-O Nc6 7. Bg5 Be7 8. Nd2 O-O 9. Nb3 b6 10. f4 Ng4
11. Bxe7 Qxe7 12. Qc1 Ne3 13. Rf2 Nb4 14. fxe5 Qxe5 15. Rf5 Bxf5 16. exf5 Rae8 17. Be4 Nexc2 18. a3 Nxa1 19. Nxa1 Nd5 20. Nb3 Ne3
0-1

[Event "BAGDAD"]
[Site "SchemingMind.com"]
[Date "2021.09.27"]
[Round "-"]
[White "Transcendent"]
[Black "Daniel Dubé"]
[Result "0-1"]
[WhiteCountry "ENG"]
[BlackCountry "CAN"]
[WhiteElo "1930"]
[WhiteRD "81"]
[BlackElo "1629"]
[BlackRD "60"]
[GameID "715801"]

1. d4 Nf6 2. c4 e6 3. g3 d5 4. Nf3 Be7 5. Bg2 O-O 6. O-O dxc4 7. Qc2 Bd7 8. Qxc4 Bc6 9. Nc3 Nbd7 10. Rd1 Nb6
11. Qd3 Bxf3 12. Qxf3 Nbd5 13. e4 Nxc3 14. bxc3 c6 15. Bg5 h6 16. Bxf6 Bxf6 17. Rab1 Qa5 18. e5 Be7 19. Rxb7 Rfe8 20. Qxc6 Rac8
21. Qd7 g6 22. Rxa7 Qxc3 23. Qa4 Qc2 24. Qxc2 Rxc2 25. d5 Rxf2 26. Kxf2 Bc5+ 27. Ke2 Bxa7 28. d6 Rd8 29. Kd3 f6 30. Bc6 fxe5
31. Rf1 Rxd6+
0-1

[Event "BAGDAD"]
[Site "SchemingMind.com"]
[Date "2021.09.27"]
[Round "-"]
[White "Transcendent"]
[Black "Johnny Owens"]
[Result "0-1"]
[WhiteCountry "ENG"]
[BlackCountry "USA"]
[WhiteElo "1930"]
[WhiteRD "81"]
[BlackElo "2161"]
[BlackRD "83"]
[GameID "715802"]

1. d4 e6 2. e4 d5 3. Nc3 dxe4 4. Nxe4 Nd7 5. Nf3 Ngf6 6. Bd3 c5 7. O-O Nxe4 8. Bxe4 Nf6 9. Re1 cxd4 10. Qxd4 Qxd4
11. Nxd4 Nxe4 12. Rxe4 a6 13. Bf4 Be7 14. Rd1 h5 15. Nf3 b5 16. Ne5 h4 17. Nc6 Bb7 18. Nxe7 Bxe4
0-1

[Event "BAGDAD"]
[Site "SchemingMind.com"]
[Date "2021.09.28"]
[Round "-"]
[White "Arnold Jones"]
[Black "Transcendent"]
[Result "1-0"]
[WhiteCountry "ENG"]
[BlackCountry "ENG"]
[WhiteElo "1568"]
[WhiteRD "62"]
[BlackElo "1871"]
[BlackRD "82"]
[GameID "715803"]

1. d4 f5 2. Nf3 Nf6 3. Nc3 g6 4. Bf4 Bg7 5. e3 O-O 6. Bc4+ e6 7. d5 Qe7 8. d6 cxd6 9. Bxd6 Qf7 10. Ne5 Qe8
11. Nb5 Ne4 12. Nc7 Qd8 13. O-O Nxd6 14. Qxd6 Bxe5 15. Qxe5 Nc6 16. Qd6 Rb8 17. b4 Qe7 18. Nb5 a6 19. Qxe7 Nxe7 20. Nd6 b5
21. Bb3 Bb7 22. Nxb7 Rxb7 23. f4 Rc8 24. Rad1 Kf7 25. Rd6 Rc6 26. Rfd1 Ke8 27. Rxc6 Nxc6 28. c3 d5 29. Kf2 Ke7 30. Kf3 Rd7
31. a4 Na7 32. axb5 Nxb5 33. c4 dxc4 34. Rxd7+ Kxd7 35. Bxc4 Nc7 36. e4 fxe4+ 37. Kxe4 Kd6 38. Kd4 h6 39. g3 g5 40. fxg5 hxg5
41. Ke4 Nb5 42. h4 gxh4 43. gxh4 Nc3+ 44. Kd4 Na4 45. Bxa6 Nb6 46. h5 Nd5 47. h6 Nf6 48. Bd3 e5+ 49. Kc4 e4 50. Bxe4
1-0

[Event "BAGDAD"]
[Site "SchemingMind.com"]
[Date "2021.09.27"]
[Round "-"]
[White "Transcendent"]
[Black "Luisito"]
[Result "1/2-1/2"]
[WhiteCountry "ENG"]
[BlackCountry "CUB"]
[WhiteElo "1985"]
[WhiteRD "72"]
[BlackElo "2251"]
[BlackRD "109"]
[GameID "715804"]

1. d4 d5 2. c4 c6 3. Nf3 Nf6 4. e3 e6 5. Qc2 Nbd7 6. b3 Bd6 7. Bb2 O-O 8. Nbd2 Qe7 9. Bd3 e5 10. dxe5 Nxe5
11. Nxe5 Bxe5 12. Bxe5 Qxe5 13. O-O dxc4 14. Nxc4 Qc7 15. Rac1 Be6 16. Rfd1=
1/2-1/2

[Event "BAGDAD"]
[Site "SchemingMind.com"]
[Date "2021.09.28"]
[Round "-"]
[White "Kenny Elliott"]
[Black "krzysztof"]
[Result "0-1"]
[WhiteCountry "USA"]
[BlackCountry "POL"]
[WhiteElo "1541"]
[WhiteRD "67"]
[BlackElo "1466"]
[BlackRD "78"]
[GameID "715807"]

1. d4 d5 2. Nc3 Nf6 3. Nf3 Nc6 4. Bf4 a6 5. e3 Bf5 6. Bd3 Be6 7. O-O Qd7 8. a3 O-O-O 9. Qd2 Bg4 10. Ne5 Nxe5
11. Bxe5 e6 12. h3 Bf5 13. Bxf5 exf5 14. b4 Bd6 15. Bxf6 gxf6 16. f4 c6 17. Na4 Bc7 18. Nc5 Qd6 19. Qd3 Kb8 20. a4 Bb6
21. Nxa6+ bxa6 22. Qxa6 Qc7 23. a5 Ba7 24. Rfb1 Qb7 25. Qd3 Qb5 26. Qxb5+ cxb5 27. a6 Rc8 28. Rb2 Rc3 29. Kf2 Re8 30. Re1 Ra3
31. g4 Rxa6 32. gxf5 Ra3 33. Kf3 Bxd4 34. Rbb1 Rexe3+ 35. Rxe3 Rxe3+ 36. Kg4 Re2 37. Rd1 Re4 38. c3 Bxc3 39. Rxd5 Rxb4 40. Rd8+ Kc7
41. Rh8 Rd4 42. Rxh7 Rd7 43. h4 b4 44. Kh5 b3 45. Rg7 b2 46. Rg1 Rd8 47. Kh6 Ra8 48. Kg7 Ra1 49. Rg3 b1=Q 50. Rxc3+ Kb6
51. Kxf7 Qxf5 52. Rb3+ Ka6
0-1

[Event "BAGDAD"]
[Site "SchemingMind.com"]
[Date "2021.09.27"]
[Round "-"]
[White "krzysztof"]
[Black "grabapawn"]
[Result "0-1"]
[WhiteCountry "POL"]
[BlackCountry "USA"]
[WhiteElo "1497"]
[WhiteRD "80"]
[BlackElo "1515"]
[BlackRD "64"]
[GameID "715808"]

1. b3 f5 2. Bb2 Nc6 3. Nc3 Nf6 4. e3 e6 5. d4 Be7 6. Bd3 b6 7. h3 Bb7 8. Nge2 O-O 9. Ng3 Qe8 10. Qd2 Qg6
11. O-O-O Nb4 12. a3 Nxd3+ 13. cxd3 Bxg2 14. Rhg1 Bxh3 15. Rh1 Bg2 16. Rh2 Bf3 17. Rg1 Ng4 18. Rh3 Bc6 19. f3 Bxf3 20. Nce2 e5
21. dxe5 Qc6+ 22. Kb1 Bg5 23. Bd4 Nf2 24. e6 dxe6 25. Nf4 Ng4 26. Qb2 e5 27. Bxe5 Nxe5 28. Qxe5 Bg4 29. Nxf5 Bxf5 30. Rxg5 Bxd3+
31. Ka1 Qc1+ 32. Ka2 Qb1#
0-1

[Event "BAGDAD"]
[Site "SchemingMind.com"]
[Date "2021.09.28"]
[Round "-"]
[White "Gilligan"]
[Black "krzysztof"]
[Result "1-0"]
[WhiteCountry "USA"]
[BlackCountry "POL"]
[WhiteElo "1685"]
[WhiteRD "59"]
[BlackElo "1466"]
[BlackRD "78"]
[GameID "715809"]

1. e4 e5 2. Bc4 Nf6 3. d4 exd4 4. Nf3 d5 5. exd5 Bg4 6. O-O Bd6 7. Bg5 O-O 8. h3 Bd7 9. Qxd4 c6 10. Nc3 h6
11. Ne4 hxg5 12. Nxd6 cxd5 13. Bd3 Nc6 14. Qc3 Ne4 15. Nxe4 dxe4 16. Bxe4 g4 17. hxg4 f5 18. Bd5+ Kh8 19. gxf5 Rxf5 20. Rad1 Qf6
21. Be4 Qxc3 22. bxc3 Rf7 23. g3 Bg4 24. Kg2 Raf8 25. Rd3 Bxf3+ 26. Rxf3 Rxf3 27. Bxf3 Ne5 28. Rh1+ Kg8 29. Bd5+ Nf7 30. Bxb7 Rb8
31. Bd5 Rf8 32. g4 g6 33. f4 Kg7 34. Kg3 Nd6 35. c4 Re8 36. Kf3 Rb8 37. c5 Ne8 38. f5 gxf5 39. gxf5 Nf6 40. Be6 Rb5
41. Rg1+ Kf8 42. Rg6 Ne8 43. Ke4 Rxc5 44. c4 Ra5 45. Bd5 Rxa2 46. Kd3 Rb2 47. f6 Rf2 48. Rg8#
1-0

[Event "BAGDAD"]
[Site "SchemingMind.com"]
[Date "2021.09.27"]
[Round "-"]
[White "Phillip Beckett"]
[Black "krzysztof"]
[Result "1-0"]
[WhiteCountry "ENG"]
[BlackCountry "POL"]
[WhiteElo "1493"]
[WhiteRD "52"]
[BlackElo "1514"]
[BlackRD "80"]
[GameID "715810"]

1. e4 e5 2. Nf3 Nc6 3. Bb5 Nge7 4. O-O a6 5. Ba4 d6 6. d4 Bd7 7. dxe5 Nxe5 8. Bxd7+ Qxd7 9. Nxe5 Qe6 10. Nf3 O-O-O
11. Nc3 f5 12. exf5 Qxf5 13. Qd3 Qh5 14. Bf4 h6 15. Rad1 Nc6 16. Bg3 Be7 17. Nd5 Ne5 18. Nxe5 Qxe5 19. Bxe5 dxe5 20. Nxe7+ Kb8
21. Qxd8+ Rxd8 22. Rxd8+ Ka7 23. f4 exf4 24. Rxf4
1-0

[Event "BAGDAD"]
[Site "SchemingMind.com"]
[Date "2021.09.27"]
[Round "-"]
[White "ray winteringham"]
[Black "krzysztof"]
[Result "1-0"]
[WhiteCountry "ENG"]
[BlackCountry "POL"]
[WhiteElo "1450"]
[WhiteRD "49"]
[BlackElo "1497"]
[BlackRD "80"]
[GameID "715811"]

1. e4 e5 2. Bc4 b6 3. Qf3 Qf6 4. d3 Qxf3 5. Nxf3 f6 6. Be3 Bb7 7. Bxg8 Rxg8 8. O-O g5 9. Nbd2 Nc6 10. a3 O-O-O
11. c4 g4 12. Nh4 Ne7 13. g3 Ng6 14. Nf5 Ne7 15. Nxe7+ Bxe7 16. b4 h5 17. b5 Rh8 18. f3 Rdg8 19. Bf2 Kb8 20. a4 h4
21. a5 hxg3 22. Bxg3 Rh3 23. fxg4 Rxg4 24. Rf3 d6 25. a6 Bc8 26. Kg2 Rh8 27. Rh1 Rgg8 28. Kf2 Bg4 29. Ke3 Bxf3 30. Nxf3 d5
31. cxd5 Bc5+ 32. Ke2 Rg4 33. Rd1 Rf8 34. Nh4 Bd6 35. Nf5 Rfg8 36. Nh6 Rxg3 37. hxg3 Rxg3 38. Rf1 Be7 39. Nf5 Rg2+ 40. Rf2 Rxf2+
41. Kxf2 Bc5+ 42. Kf3 Kc8 43. Kg4 Kd7 44. Kh5 Ke8 45. Kg6 Be7 46. Kg7 Bd8 47. Kg8 Be7 48. Ng7+ Kd7 49. Kf7 Bd8 50. Ne6 Be7
51. Nxc7 Kxc7 52. Kxe7 Kc8 53. Kxf6 Kd7 54. Kxe5 Ke7 55. d6+ Kd7 56. Kd5 Kd8 57. Kc6 Kc8 58. e5 Kd8 59. Kb7 Kd7 60. Kxa7 Ke6
61. Kxb6
1-0

[Event "BAGDAD"]
[Site "SchemingMind.com"]
[Date "2021.09.27"]
[Round "-"]
[White "krzysztof"]
[Black "Daniel Dubé"]
[Result "1-0"]
[WhiteCountry "POL"]
[BlackCountry "CAN"]
[WhiteElo "1497"]
[WhiteRD "80"]
[BlackElo "1580"]
[BlackRD "58"]
[GameID "715812"]

1. e4 c6 2. Nf3 d5 3. exd5 cxd5 4. d4 Nf6 5. Bd3 Nc6 6. h3 e6 7. Bg5 Be7 8. Be3 O-O 9. Ng5 h6 10. Nf3 Bd6
11. O-O Ne4 12. c3 f5 13. Ne5 Bxe5 14. dxe5 Nxe5 15. Bd4 Nc6 16. Nd2 Bd7 17. f3 Nxd2 18. Qxd2 e5 19. Bc5 e4 20. Bxf8 Qxf8
21. fxe4 d4 22. exf5 dxc3 23. Qxc3 Rc8 24. f6 gxf6 25. Rxf6 Qe7 26. Rg6+
1-0

[Event "BAGDAD"]
[Site "SchemingMind.com"]
[Date "2021.09.27"]
[Round "-"]
[White "krzysztof"]
[Black "Johnny Owens"]
[Result "0-1"]
[WhiteCountry "POL"]
[BlackCountry "USA"]
[WhiteElo "1466"]
[WhiteRD "78"]
[BlackElo "2148"]
[BlackRD "80"]
[GameID "715813"]

1. e4 d5 2. g3 dxe4 3. Bg2 Nf6 4. Nc3 Bg4 5. f3 exf3 6. Bxf3 Qd7 7. d3 Nc6 8. Bxg4 Nxg4 9. Bf4 O-O-O 10. h3 Nf6
11. Nf3 e5 12. Bg5 Nd4 13. Be3 Bb4 14. a3 Bxc3+ 15. bxc3 Nf5 16. Kf2 Nxe3 17. Kxe3 Rhe8 18. Kf2 e4 19. Nd4 c5 20. Ne2 Qf5+
21. Kg2 Qf3+ 22. Kh2 Qf2#
0-1

[Event "BAGDAD"]
[Site "SchemingMind.com"]
[Date "2021.09.28"]
[Round "-"]
[White "Arnold Jones"]
[Black "krzysztof"]
[Result "1-0"]
[WhiteCountry "ENG"]
[BlackCountry "POL"]
[WhiteElo "1518"]
[WhiteRD "61"]
[BlackElo "1493"]
[BlackRD "84"]
[GameID "715814"]

1. d4 d5 2. Nf3 Nc6 3. g3 Bg4 4. e3 e5 5. h3 Bh5 6. Bb5 e4 7. Bxc6+ bxc6 8. g4 Bg6 9. Ne5 Bd6 10. Nxg6 fxg6
11. h4 Nf6 12. g5 Nh5 13. Nc3 h6 14. Qg4 Be7 15. Qe6 Qd6 16. Qxd6 cxd6 17. f4 Ng3 18. Rh3 Nf5 19. Bd2 hxg5 20. fxg5 Rxh4
21. Rxh4 Nxh4 22. O-O-O O-O-O 23. Rh1 Bxg5 24. Ne2 Nf5 25. Nf4 Ne7 26. Ne6 Bxe3 27. Nxd8 Kxd8 28. Bxe3 Ke8 29. Rh8+ Kf7 30. Ra8 Nf5
31. Rxa7+ Kf6 32. Kd2 c5 33. c3 c4 34. a4 g5 35. a5 g4 36. a6 g3 37. Rb7 g2 38. Bg1 e3+ 39. Ke2 Kg5 40. a7 Kf4
41. Rf7 g6 42. a8=Q Ke4 43. Qe8+ Kf4 44. Qxe3+ Kg4 45. Qf3+ Kh4 46. Qf4+ Kh5 47. Rh7+ Nh6 48. Rxh6#
1-0

[Event "BAGDAD"]
[Site "SchemingMind.com"]
[Date "2021.09.27"]
[Round "-"]
[White "krzysztof"]
[Black "Luisito"]
[Result "0-1"]
[WhiteCountry "POL"]
[BlackCountry "CUB"]
[WhiteElo "1493"]
[WhiteRD "84"]
[BlackElo "2242"]
[BlackRD "115"]
[GameID "715815"]

1. e4 e5 2. f4 exf4 3. Nf3 g5 4. h3 h6 5. b3 Bg7 6. Nc3 Nf6 7. d4 O-O 8. e5 Nh5 9. Ne4 d5 10. Nf2 c5
11. c3 Nc6 12. Be2 Ng3 13. Rh2 cxd4 14. cxd4 f6 15. h4 fxe5 16. hxg5 h5 17. dxe5 Nxe5 18. Bxf4 Rxf4 19. Nxe5 Bxe5 20. Qxd5+ Qxd5
21. Rd1 Bc3+ 22. Rd2 Qxd2#
0-1

[Event "BAGDAD"]
[Site "SchemingMind.com"]
[Date "2021.09.27"]
[Round "-"]
[White "krzysztof"]
[Black "Quotidienne1"]
[Result "1-0"]
[WhiteCountry "POL"]
[BlackCountry "SWE"]
[WhiteElo "1497"]
[WhiteRD "80"]
[BlackElo "1580"]
[BlackRD "71"]
[GameID "715816"]

1. e4 e5 2. Na3 Nf6 3. Nf3 Nxe4 4. Nc4 Bc5 5. d4 exd4 6. Nxd4 d5 7. Ne3 Nxf2 8. Kxf2 Qh4+ 9. g3 Qxd4 10. Qxd4 Bxd4
11. c3 Bb6 12. Ke2 O-O 13. Kd1 Re8 14. Nxd5 Rd8 15. Bc4 c6 16. Kc2 cxd5 17. Bb3 Bf5+ 18. Kd1 d4 19. c4 Bg4+ 20. Kd2 Nc6
21. Rf1 Ba5+ 22. Kc2 d3+ 23. Kb1 d2 24. Bxd2
1-0

[Event "BAGDAD"]
[Site "SchemingMind.com"]
[Date "2021.09.28"]
[Round "-"]
[White "ray winteringham"]
[Black "Kenny Elliott"]
[Result "1-0"]
[WhiteCountry "ENG"]
[BlackCountry "USA"]
[WhiteElo "1451"]
[WhiteRD "49"]
[BlackElo "1549"]
[BlackRD "66"]
[GameID "715818"]

1. e4 c5 2. b4 cxb4 3. d4 d5 4. e5 e6 5. Bb2 f6 6. f4 Nc6 7. Nf3 Bd7 8. Be2 g5 9. fxg5 fxe5 10. Nxe5 Nxe5
11. dxe5 Qxg5 12. Bh5+ Kd8 13. Qe2 Bc5 14. Nd2 d4 15. Ne4 Qxe5 16. O-O Nh6 17. Kh1 Nf5 18. Rad1 Ne3 19. Qxe3 dxe3 20. Bxe5 e2
21. Bxh8 exf1=Q+ 22. Rxf1 Be7 23. Be5 Kc8 24. Rf7 Bd8 25. Rxh7 a5 26. Nd6+ Kb8 27. Rh8
1-0

[Event "BAGDAD"]
[Site "SchemingMind.com"]
[Date "2021.09.27"]
[Round "-"]
[White "grabapawn"]
[Black "ray winteringham"]
[Result "1-0"]
[WhiteCountry "USA"]
[BlackCountry "ENG"]
[WhiteElo "1526"]
[WhiteRD "61"]
[BlackElo "1451"]
[BlackRD "49"]
[GameID "715819"]

1. f4 d5 2. b3 Nf6 3. Bb2 Nbd7 4. e3 e6 5. Bd3 Bd6 6. Nf3 O-O 7. O-O b6 8. Ng5 g6 9. Rf3 Bb7 10. Rh3 h5
11. Nxe6 fxe6 12. Bxg6 Qe7 13. Rg3 Ne4 14. Rg5 Nxg5 15. Qxh5 Ba6 16. Qh8#
1-0

[Event "BAGDAD"]
[Site "SchemingMind.com"]
[Date "2021.09.27"]
[Round "-"]
[White "ray winteringham"]
[Black "Phillip Beckett"]
[Result "0-1"]
[WhiteCountry "ENG"]
[BlackCountry "ENG"]
[WhiteElo "1451"]
[WhiteRD "49"]
[BlackElo "1493"]
[BlackRD "52"]
[GameID "715820"]

1. g3 g6 2. Bg2 Bg7 3. c3 d6 4. d4 Nf6 5. e4 O-O 6. Ne2 Nbd7 7. O-O c6 8. b3 e5 9. Be3 exd4 10. cxd4 Re8
11. Nbc3 Nb6 12. f4 d5 13. e5 Ne4 14. Bxe4 dxe4 15. Nxe4 f5 16. Nf2 Nd5 17. Qd2 Nxe3 18. Qxe3 Be6 19. Nd3 Bd5 20. b4 h5
21. h4 a5 22. bxa5 Bf8 23. Qd2 Be7 24. Rfb1 Bxh4 25. Rxb7 Be7 26. Rb6 Qc7 27. Rab1 Reb8 28. Rxb8+ Rxb8 29. Rb7 Qxb7
0-1

[Event "BAGDAD"]
[Site "SchemingMind.com"]
[Date "2021.09.27"]
[Round "-"]
[White "Daniel Dubé"]
[Black "ray winteringham"]
[Result "1-0"]
[WhiteCountry "CAN"]
[BlackCountry "ENG"]
[WhiteElo "1580"]
[WhiteRD "58"]
[BlackElo "1450"]
[BlackRD "49"]
[GameID "715821"]

1. d4 d5 2. c4 e6 3. Nf3 h6 4. g3 Nc6 5. Bg2 Be7 6. O-O Nf6 7. Nc3 O-O 8. Re1 b6 9. Ne5 Nxe5 10. dxe5 Nh7
11. cxd5 Rb8 12. e4 f6 13. exf6 Nxf6 14. Qa4 a5 15. Bf4 Bd7 16. Qd1 Bb4 17. Rc1 Bd6 18. Bxd6 cxd6 19. dxe6 Bxe6 20. Nd5 b5
21. Qd2 Re8 22. Nc7 Re7 23. Nxe6 Rxe6 24. Rc6 a4 25. Rd1 Qe8 26. Rxd6 Rxe4 27. Bxe4 Nxe4 28. Rd8 Nxd2 29. Rxe8+ Rxe8 30. Rxd2 Kh7
31. Kg2 Re5 32. f4 Re4 33. Kf3 Rc4 34. g4 b4 35. h4 a3 36. bxa3 Rc3+ 37. Ke4 bxa3 38. Rd3 Rxd3 39. Kxd3 Kg6 40. f5+ Kf6
41. Ke4 g6 42. h5 g5 43. Kd5 Ke7 44. Ke5 Kf7 45. f6 Kf8 46. Ke6 Ke8 47. Ke5 Kf7 48. Kf5 Kf8 49. Kg6 Kg8 50. Kxh6
1-0

[Event "BAGDAD"]
[Site "SchemingMind.com"]
[Date "2021.09.28"]
[Round "-"]
[White "Johnny Owens"]
[Black "ray winteringham"]
[Result "1-0"]
[WhiteCountry "USA"]
[BlackCountry "ENG"]
[WhiteElo "2056"]
[WhiteRD "80"]
[BlackElo "1416"]
[BlackRD "51"]
[GameID "715822"]

1. Nf3 d5 2. b3 Nc6 3. Bb2 f6 4. d4 e6 5. e3 Bd6 6. c4 Nge7 7. c5 Bxh2 8. Rxh2 a6 9. Nc3 e5 10. dxe5 fxe5
11. Ng5 O-O 12. Rxh7 Ng6 13. Qh5
1-0

[Event "BAGDAD"]
[Site "SchemingMind.com"]
[Date "2021.09.28"]
[Round "-"]
[White "ray winteringham"]
[Black "Arnold Jones"]
[Result "0-1"]
[WhiteCountry "ENG"]
[BlackCountry "ENG"]
[WhiteElo "1451"]
[WhiteRD "49"]
[BlackElo "1501"]
[BlackRD "56"]
[GameID "715823"]

1. e4 c5 2. b4 e6 3. bxc5 Nc6 4. Bb2 Nf6 5. f3 Bxc5 6. c3 Qb6 7. d4 Qxb2 8. Nd2 Bb6 9. Qc1 Qxc1+ 10. Rxc1 O-O
11. Bd3 d5 12. e5 Nh5 13. Ne2 g6 14. O-O f5 15. f4 Ba5 16. h3 a6 17. Nf3 b5 18. Kh1 Bd8 19. Ra1 Na7 20. Kh2 a5
21. a4 Bd7 22. axb5 Bxb5 23. Bxb5 Nxb5 24. Ng5 Ng7 25. Rfc1 h6 26. Nf3 Be7 27. c4 Na3 28. c5 Nc4 29. Rcb1 Ra7 30. Nc3 Rc8
31. Na4 Bd8 32. Nc3 Rca8 33. Nb5 Ra6 34. Nd6 a4 35. Ne1 a3 36. Rc1 Ra4 37. Nc2 a2 38. g3 Nd2 39. Rd1 Nb3 40. h4 Nxa1
41. Rxa1 Ba5 42. Nb5 Ne8 43. Nba3 Bb4 44. Nxb4 Rxa3 45. Nc2 R3a4 46. Kg2 Rc4
0-1

[Event "BAGDAD"]
[Site "SchemingMind.com"]
[Date "2021.09.27"]
[Round "-"]
[White "Quotidienne1"]
[Black "ray winteringham"]
[Result "1-0"]
[WhiteCountry "SWE"]
[BlackCountry "ENG"]
[WhiteElo "2041"]
[WhiteRD "215"]
[BlackElo "1506"]
[BlackRD "50"]
[GameID "715824"]

1. e4 e5 2. Nf3 d6 3. d4 exd4 4. Nxd4 Be6 5. Nxe6 fxe6 6. Qh5+ g6 7. Qh3 Qd7 8. Bc4 Ke7 9. Bg5+ Kf7 10. Nc3 Bg7
11. f4 Nc6 12. f5 Ne5 13. fxe6+
1-0

[Event "BAGDAD"]
[Site "SchemingMind.com"]
[Date "2021.09.28"]
[Round "-"]
[White "JAHI"]
[Black "Kenny Elliott"]
[Result "1-0"]
[WhiteCountry "INT"]
[BlackCountry "USA"]
[WhiteElo "2003"]
[WhiteRD "66"]
[BlackElo "1556"]
[BlackRD "71"]
[GameID "715826"]

1. c3 e5 2. c4 f5 3. Nc3 Nf6 4. d3 Nc6 5. Bg5 h6 6. Bxf6 Qxf6 7. g3 Bb4 8. a3 Bxc3+ 9. bxc3 b6 10. Bg2 Bb7
11. Kf1 O-O 12. h3 f4 13. g4 Rab8 14. Bd5+ Kh8 15. h4 Qd6 16. Nh3 Ne7 17. Bxb7 Rxb7 18. a4 Qc6 19. f3 d5 20. Qb3= a5
21. cxd5 Nxd5 22. Rb1 Ne3+ 23. Kg1 Qd7 24. Ng5 Nxg4 25. Ne6 Rf6 26. Nc5 Qf5 27. Nxb7 Ne3 28. Kf2 Qh5 29. Qb5 Rg6 30. Rh2 Nf5
31. Qxe5 Rc6 32. Rb5
1-0

[Event "BAGDAD"]
[Site "SchemingMind.com"]
[Date "2021.09.27"]
[Round "-"]
[White "JAHI"]
[Black "Derek Price"]
[Result "0-1"]
[WhiteCountry "INT"]
[BlackCountry "ENG"]
[WhiteElo "2023"]
[WhiteRD "68"]
[BlackElo "2295"]
[BlackRD "67"]
[GameID "715827"]

1. c3 Nf6 2. c4 e5 3. Nc3 Nc6 4. d3 d5 5. Bg5 d4 6. Bxf6 gxf6 7. Ne4 f5 8. Nd2 Bh6 9. g3 O-O 10. Bg2 Re8
11. Kf1 Qf6 12. h3 a5 13. h4 Kh8 14. Nh3 Rg8 15. Rh2 Bd7 16. Kg1 Rg7 17. Kh1 Rag8 18. a3 Qe7 19. Qc2 f4 20. Nf1 fxg3
21. Nxg3 Bf4 22. Nxf4 exf4 23. Ne4 Ne5 24. f3 Rxg2 25. Rxg2 Qxh4+ 26. Kg1 Rxg2+ 27. Kxg2 Bh3+ 28. Kh1 f5 29. Qa4 Nc6 30. Nd2 Bf1+
31. Kg1 Bxe2 32. Rf1 Qg3+ 33. Kh1 Bxf1 34. Nxf1 Qxf3+ 35. Kg1 Qe2 36. Nh2 Qe3+ 37. Kh1 Qe1+ 38. Kg2 Qg3+ 39. Kh1 f3 40. Nxf3 Qxf3+
41. Kg1 Qxd3 42. Qb5 Qe3+ 43. Kh2 Ne5 44. Qe8+ Kg7 45. Qe7+ Kg6 46. Qe6+ Kg5 47. Qg8+ Kf4 48. Qg2 Ng4+ 49. Kh1 d3 50. Qf1+ Qf3+
51. Kg1 d2 52. b3 d1=Q 53. Qxd1 Qxd1+ 54. Kg2 Qe2+ 55. Kg1 Qf2+ 56. Kh1 Qf1#
0-1

[Event "BAGDAD"]
[Site "SchemingMind.com"]
[Date "2021.09.28"]
[Round "-"]
[White "grabapawn"]
[Black "JAHI"]
[Result "1/2-1/2"]
[WhiteCountry "USA"]
[BlackCountry "INT"]
[WhiteElo "1526"]
[WhiteRD "61"]
[BlackElo "1995"]
[BlackRD "72"]
[GameID "715828"]

1. f4 d6 2. b3 a6 3. Bb2 a5 4. Nf3 a4 5. e3 Bg4 6. Be2 Bxf3 7. Bxf3 c6 8. O-O Nd7 9. d3 e6 10. Nd2 h6
11. Qe1 h5 12. Qg3 h4 13. Qh3 a3 14. Bc3 Nh6 15. Ne4 d5=
1/2-1/2

[Event "BAGDAD"]
[Site "SchemingMind.com"]
[Date "2021.09.28"]
[Round "-"]
[White "JAHI"]
[Black "Gilligan"]
[Result "1-0"]
[WhiteCountry "INT"]
[BlackCountry "USA"]
[WhiteElo "2048"]
[WhiteRD "65"]
[BlackElo "1684"]
[BlackRD "58"]
[GameID "715829"]

1. c3 d5 2. g3 Nf6 3. Bg2 e6 4. d3 Be7 5. Bg5 Nbd7 6. Nd2 O-O 7. Kf1 b6 8. h3 h6 9. Bxf6 Nxf6 10. h4 Bb7
11. Nh3 c5 12. Qc2 Qd7 13. Re1 Rac8 14. Kg1 d4 15. Bxb7 Qxb7 16. e3 Ng4 17. e4 Bd6 18. Qb1 f5 19. Nf1 f4 20. Qd1 Nxf2
21. Kxf2 fxg3+ 22. Kg2 Qf7 23. Nxg3 Qg6 24. e5 Be7 25. Re4 Qe8 26. Qg4 Rc6 27. Rf4 dxc3 28. Nh5 g6 29. Rxf8+ Bxf8 30. Nf6+
1-0

[Event "BAGDAD"]
[Site "SchemingMind.com"]
[Date "2021.09.27"]
[Round "-"]
[White "JAHI"]
[Black "Phillip Beckett"]
[Result "1/2-1/2"]
[WhiteCountry "INT"]
[BlackCountry "ENG"]
[WhiteElo "1995"]
[WhiteRD "72"]
[BlackElo "1493"]
[BlackRD "52"]
[GameID "715830"]

1. c3 d5 2. g3 e5 3. Bg2 Nf6 4. d3 Nc6 5. Bg5 Be6 6. Nd2 Qd7 7. Bxf6 gxf6 8. h3 O-O-O 9. h4 d4 10. Kf1 dxc3
11. bxc3 Bc5 12. Ngf3 Rdg8 13. Rh2 h6 14. Qa4 Kb8 15. Rb1=
1/2-1/2

[Event "BAGDAD"]
[Site "SchemingMind.com"]
[Date "2021.09.27"]
[Round "-"]
[White "Transcendent"]
[Black "JAHI"]
[Result "0-1"]
[WhiteCountry "ENG"]
[BlackCountry "INT"]
[WhiteElo "1940"]
[WhiteRD "92"]
[BlackElo "2127"]
[BlackRD "66"]
[GameID "715831"]

1. d4 d6 2. c4 g6 3. g3 Bg7 4. Bg2 Kf8 5. Nc3 h6 6. e4 h5 7. Nf3 Bg4 8. h3 Bxf3 9. Bxf3 Nd7 10. O-O h4
11. g4 e6 12. Bg2 Ne7 13. f4 Kg8 14. Be3 Rh7 15. e5 f6 16. Qb3 f5 17. Rad1 Rb8 18. d5 b6 19. dxe6 Nc5 20. Bxc5 bxc5
21. Qc2 Qf8 22. exd6 cxd6 23. Rxd6 fxg4 24. b3 Nf5 25. Rd3 Bd4+ 26. Rxd4 Nxd4 27. Qe4 Re8 28. Qd5 Rxe6 29. Ne4 Kh8 30. Ng5 Ne2+
31. Kh2 g3+ 32. Kh1 Rf6 33. Nxh7 Kxh7 34. Qd7+ Kh6 35. Qg4 Nxf4 36. Qxh4+ Nh5 37. Rxf6 Qxf6 38. Qxf6 Nxf6 39. Bc6 Kg5 40. Kg2 Kh4
41. a3 Nh5 42. Bd7 Nf4+ 43. Kg1 Nd3 44. Bg4 a6 45. Be2 Nf4 46. Bg4 a5 47. Bd7 Nxh3+ 48. Kg2 Nf4+ 49. Kg1 g5 50. Bf5 g4
51. Be4 Kh3 52. Bd5 Nxd5 53. cxd5 a4 54. bxa4 c4 55. d6 c3 56. d7 c2
0-1

[Event "BAGDAD"]
[Site "SchemingMind.com"]
[Date "2021.09.27"]
[Round "-"]
[White "krzysztof"]
[Black "JAHI"]
[Result "0-1"]
[WhiteCountry "POL"]
[BlackCountry "INT"]
[WhiteElo "1497"]
[WhiteRD "80"]
[BlackElo "2048"]
[BlackRD "65"]
[GameID "715832"]

1. e4 d6 2. d4 g6 3. Bc4 Bg7 4. c3 Kf8 5. f4 h6 6. Nh3 Bxh3 7. gxh3 e6 8. Be3 d5 9. exd5 exd5 10. Bb3 Qh4+
11. Kd2 Ne7 12. Qg4 Qf6 13. h4 h5 14. Qg5 Nd7 15. Rf1 Re8 16. f5 Bh6 17. Qxf6 Bxe3+ 18. Kd3 Nxf6 19. Nd2 Nxf5 20. Rf3 Bh6
21. Rxf5 Re3+ 22. Kc2 gxf5 23. Rf1 Re2 24. Rxf5 Rxd2+ 25. Kb1 Rg8 26. Rf1 Rgg2 27. Rd1 Rxb2+ 28. Ka1 Ne4 29. Rb1 Nxc3 30. Rxb2 Rg1+
31. Rb1 Rxb1#
0-1